000 00421nam a22001577a 4500
005 20141022103300.0
010 _aBAC-EN21
020 _c495.00
037 _adpl
_bPBD
245 _aUnderstanding Science and Technology in India/
_ccompiled by Vivek S.Raj
250 _a9th rev.ed
260 _aNew Delhi
_bCivil Services Times
_c2013
300 _a794p.
_c20cm(pbk)
942 _2ddc
_cEN
999 _c89555
_d89555